LEADER 00880nam0 2200265 450 001 000021738 005 20090119102001.0 100 $a20090119d1961----km-y0itay50------ba 101 1 $aita 102 $aIT 105 $aa-------001yy 200 1 $aPrincipi di psicologia topologica$fKurt Lewin$gtraduzione di Adriano Ossicini 210 $aFirenze$cOrganizzazioni Speciali$dc1961 215 $aXXIV, 245 p.$cill.$d24 cm 225 2 $aCollana di psicologia 410 0$aCollana di psicologia$02001 500 10$aPrinciples of topological psychology$m$946688 610 1 $aPsicologia sperimentale 676 $a150$v21$9Psicologia 700 1$aLewin,$bKurt$0120305 801 0$aIT$bUNIPARTHENOPE$c20090119$gRICA$2UNIMARC 912 $a000021738 951 $aS 150/9$bS 981/L$cDSA$d2008 996 $aPrinciples of topological psychology$946688 997 $aUNIPARTHENOPE LEADER 01017nam0 2200277 450 001 000024170 005 20090309135549.0 100 $a20090309d1990----km-y0itay50------ba 101 0 $aeng 102 $aGB 105 $ay-------001yy 200 1 $aGame theory in economics$fedited by Ariel Rubinstein 210 $aAldershot$cElgar$d1990 215 $aXVIII, 661 p.$d25 cm 225 2 $a<>international library of critical writings in economics$h<>Elgar reference collection$v5 410 0$12001$a<>international library of critical writings in economics 500 10$aGame theory in economics$959759 610 1 $aEconomia$aApplicazioni della teoria dei giochi 610 1 $aEconomia matematica 676 $a330.015193$v20$9Economia. Principi statistici. Teoria dei giochi 702 1$aRubinstein,$bAriel 801 0$aIT$bUNIPARTHENOPE$c20090309$gRICA$2UNIMARC 912 $a000024170 951 $a311/148$b6774$cNAVA2$d2009 996 $aGame theory in economics$959759 997 $aUNIPARTHENOPE